000 00440nam a2200181Ia 4500
001 9416
005 20260306161717.0
008 260306t2011||||xx |||||||||||||| ||spa||
041 _aESP
082 _a378.85
_bP62
100 _aPiscoya Hermosa, Luis
_eAUT
245 0 _a¿A dónde nos llevan nuestras universidades?
260 _c2011
300 _a216 páginas
_c24 cm.
650 _aGEN
654 _aCED
942 _cLIB
_dJUS
_fJUS
_2ddc
_n
999 _c9416
_d9416